000
00309nam a2200145Ia 4500
100
_a
Mody/ S.M.
942
_c
BK
654
_a
Specimen copy
245
_a
Creating Customer Satisfaction Excellen : B3
260
_b
D
_a
NONE
082
_a
658.812
_b
MOD
300
_a
112
546
_a
ENGLISH
999
_c
34304
_d
34304